000 00223nam a2200121Ia 4500
100 _a#N/A
942 _cBK
654 _avlsi
245 _aDigital VLSI Systems Design
260 _b#N/A
546 _aENGLISH
999 _c33689
_d33689